| 000 | 01437nam a2200421 c 4500 | ||
|---|---|---|---|
| 999 |
_c149726 _d149726 |
||
| 003 | BLK | ||
| 005 | 20220511160947.0 | ||
| 008 | 180410b bul|||||r ||||||| ||bul|| | ||
| 010 | _aKNG00156026000 | ||
| 040 | _aBLK | ||
| 041 |
_aBUL _cBUL |
||
| 072 | 7 |
_2bullib _aК _xКраезнание |
|
| 072 | 7 |
_2bullib _aЯ _xАвтографи |
|
| 080 |
_aКраезнание _b908 _x(497.21-22) _z908(497.21-22) |
||
| 100 | 1 |
_aКамбуров, Петър Трифонов _eпърви автор _9330640 |
|
| 139 |
_aКамбуров, Петър Трифонов _bК 22 |
||
| 245 | 1 | 0 |
_aСваленик _b[Ист. очерк] _cПетър Трифонов Камбуров. |
| 257 | _aBGR | ||
| 260 |
_bОФ _c1989 |
||
| 300 |
_a180 с. _bил., 8 л. ил. _c20 см |
||
| 380 | _a9 | ||
| 490 | 1 | _aБиблиотека Роден край | |
| 500 | _a3 100 тир. - Библиогр. с. 176-177 и под линия. | ||
| 650 | 4 |
_aСела - България - история _9243048 |
|
| 651 | 4 |
_aБългария _9241624 |
|
| 651 | 4 |
_aСваленик _9179496 |
|
| 651 | 4 |
_aРусенско _9179464 |
|
| 653 | _aсела | ||
| 653 | _aистория | ||
| 653 | _aСваленик | ||
| 659 | _aК | ||
| 659 | _aЯ | ||
| 852 | _aЦб 159226 | ||
| 852 | _aК 908(497.2)/К 22 П | ||
| 852 | _aК 908(497.2)/К 22 | ||
| 856 | 4 | _qpdf | |
| 856 | 4 | _qpdf | |
| 942 |
_cKNG _n0 _s1 _01 |
||
| 944 |
_aCR _c24.01.2014 _l / 24.01.2014 _kВаля_Йорданова |
||
| 944 |
_aED _c22.06.2017 _l / 24.01.2014 _kВиолета_Тройчева |
||
| 999 | _d149726 | ||
| 999 | _d149726 | ||